सामाजिक मानवशास्त्र की रूपरेखा / (Record no. 119737)

MARC details
000 -LEADER
fixed length control field 01375nam a22002777a 4500
005 - DATE AND TIME OF LATEST TRANSACTION
control field 20170124103147.0
010 ## - LIBRARY OF CONGRESS CONTROL NUMBER
LC control number A-582933
020 ## - INTERNATIONAL STANDARD BOOK NUMBER
Terms of availability 100.00
International Standard Book Number 817004183
035 ## - SYSTEM CONTROL NUMBER
System control number A-582933
037 ## - SOURCE OF ACQUISITION
Source of stock number/acquisition Cen Lib/Ret
040 ## - CATALOGING SOURCE
Original cataloging agency DPL
Language of cataloging HN
082 ## - DEWEY DECIMAL CLASSIFICATION NUMBER
Classification number 306
Item number मुकर्जी
100 ## - MAIN ENTRY--PERSONAL NAME
Personal name मुकर्जी, रवीन्द्रनाथ
9 (RLIN) 42819
245 ## - TITLE STATEMENT
Title सामाजिक मानवशास्त्र की रूपरेखा /
Statement of responsibility, etc रवीन्द्रनाथ मुकर्जी
246 ## - VARYING FORM OF TITLE
Title proper/short title Samajik manavshastr ki rooprekha /
Remainder of title by Raveendranath Mukerjee
250 ## - EDITION STATEMENT
Edition statement दशम संस्करण
260 ## - PUBLICATION, DISTRIBUTION, ETC. (IMPRINT)
Place of publication, distribution, etc दिल्ली
Name of publisher, distributor, etc विवेक प्रकाशन
Date of publication, distribution, etc 1992
270 ## - ADDRESS
Address 7-यू.ए.जवाहर नगर
City दिल्ली
Postal code 110007
300 ## - PHYSICAL DESCRIPTION
Extent xi,520पृ.
Dimensions 20सेमी(सजिल्द)
500 ## - GENERAL NOTE
General note अनुक्रमाणिका शामिल
650 ## - SUBJECT ADDED ENTRY--TOPICAL TERM
Topical term or geographic name as entry element सामाजिक मानवशास्त्र -- प्रकृति और क्षेत्र
9 (RLIN) 86620
650 ## - SUBJECT ADDED ENTRY--TOPICAL TERM
Topical term or geographic name as entry element सामाजिक मानवशास्त्र -- पद्धतियाँ
9 (RLIN) 86621
650 ## - SUBJECT ADDED ENTRY--TOPICAL TERM
Topical term or geographic name as entry element Social anthropology - the nature and scope
9 (RLIN) 86622
650 ## - SUBJECT ADDED ENTRY--TOPICAL TERM
Topical term or geographic name as entry element Social Anthropology - Methods
9 (RLIN) 86623
942 ## - ADDED ENTRY ELEMENTS (KOHA)
Source of classification or shelving scheme Dewey Decimal Classification
Koha item type Hindi Books
Classification part 306
Call number suffix मुकर्जी
Holdings
Withdrawn status Lost status Damaged status Not for loan Home library Current library Date acquired Source of acquisition Cost, normal purchase price Total Checkouts Full call number Barcode Date last seen Copy number Cost, replacement price Price effective from Koha item type
        Central Library Central Library 18/09/2015 Cen Lib/Ret 100.00   306 मुकर्जी A-582933 18/09/2015 1 100.00 18/09/2015 Hindi Books

© Delhi Public Library
Hit Counter
free hit counter